000 01004nam a22002897a 4500
001 7827
003 FISKH
005 20250811140619.0
008 250811b cb ||||| |||| 00| 0 eng d
040 _aFISKH
_beng
_cFISKH
_dFISKH
050 _aPZ7.P974152 S
082 _a823.92
100 _aPunter, Russell
245 _aStories of dinosaurs /
_cRussell Punter ; Illustrated by Cynthia Decker
250 _aThis edition first published in 2007
260 _aLondon :
_bUsborne,
_c2006
300 _a48 pages :
_bcolor illustrations ;
_c20 cm
505 _aJ
520 _aKevin Kritosaurus faces a mighty Megalosaur in a prehistoric wrestling match. The Raptor brothers have one hour to save their dino diner from disaster. And a newborn Hadrosaur goes on the rampage.
521 8 _a490
_bLexile
521 8 _aJ
_bRaz-Plus
650 _2Dinosaurs
_aRainbow
650 _2Beginning Level
_aJuvenile
700 _aDecker, Cynthia
_dillustrator
942 _2ddc
_cBK
_n0
999 _c7827
_d7827